00389nam a2200157Ia 4500008004100000020001500041082001500056100001500071245002300086250002200109260002900131300001700160500002600177650001400203700001400217230524s9999 xx 000 0 und d a812192527X a621.8bKHU aR.S.Khurmi 0aTheory of Machines a14 th Revised ed. aNew DelhibS.Chandc2012 a"xii,1071p;" aQuantity Number: 120 aMechanics aJ.K.Gupta